Chúc thư /

Gorde:
Xehetasun bibliografikoak
Egile nagusia: Grisham, John.
Beste egile batzuk: Hằng-Thuỷ-Hà-Thương (dịch.)
Formatua: Liburua
Hizkuntza:Vietnamese
English
Argitaratua: Hà Nội : Văn học, 2000.
Gaiak:
Etiketak: Etiketa erantsi
Etiketarik gabe, Izan zaitez lehena erregistro honi etiketa jartzen!
Thư viện lưu trữ: Mạng thư viện Đại học Đà Nẵng
LEADER 00893cam a2200349 i 4500
001 000046568
003 6066
005 20030917080145.0
008 010307b2000 vm 000 vie
020 |c 58000 
040 |a IRC  |c IRC  |d IRC 
041 1 |a vie  |h eng 
082 1 4 |a 823  |b GR-J 
100 1 |a Grisham, John. 
245 0 0 |a Chúc thư /  |c John Grisham ; Hằng-Thuỷ-Hà-Thương dịch. 
260 |a Hà Nội :  |b Văn học,  |c 2000. 
300 |a 643tr. ;  |c 19cm. 
630 0 4 |a Tiểu thuyết. 
630 0 4 |a Văn học Anh. 
630 0 4 |a John Grisham. 
650 0 4 |a Tiểu thuyết Anh. 
700 1 |a Hằng-Thuỷ-Hà-Thương,  |e dịch. 
OWN |a DUT 
999 |a From the UDN01 
TYP |a Monograph 
TYP |a Printed language 
980 |a Mạng thư viện Đại học Đà Nẵng